Laboratory distillation practice (Record no. 23025)

MARC details
000 -LEADER
fixed length control field 00312nam a2200121Ia 4500
082 ## - DEWEY DECIMAL CLASSIFICATION NUMBER
Classification number 542.48
Item number COU
100 ## - MAIN ENTRY--AUTHOR NAME
Personal name Coulson, E A
245 #0 - TITLE STATEMENT
Title Laboratory distillation practice
260 ## - PUBLICATION, DISTRIBUTION, ETC. (IMPRINT)
Place of publication London
Name of publisher George Newness
Year of publication 1958
700 ## - ADDED ENTRY--PERSONAL NAME
Personal name Herington, E F G
942 ## - ADDED ENTRY ELEMENTS (KOHA)
Koha item type Books
Holdings
Withdrawn status Lost status Damaged status Not for loan Home library Current library Date acquired Cost, normal purchase price Full call number Accession Number Koha item type
        RRII Library RRII Library 16/12/2021 25.00 542.48 COU 03733 Books